Las migraciones coreana, china y japonesa en el contexto sociohistórico y político de México, incidencias y cambios : Un enfoque comparativo /
Guardado en:
| Autor principal: | |
|---|---|
| Formato: | Desconocido |
| Lenguaje: | Spanish |
| Materias: | |
| Etiquetas: |
Agregar Etiqueta
Sin Etiquetas, Sea el primero en etiquetar este registro!
|
MARC
| LEADER | 000000000a22000000004500 | ||
|---|---|---|---|
| 001 | 007903 | ||
| 041 | 0 | |a spa | |
| 100 | 1 | |a Bermudez Valverde, Quendy | |
| 245 | 1 | 4 | |a Las migraciones coreana, china y japonesa en el contexto sociohistórico y político de México, incidencias y cambios : |b Un enfoque comparativo / |c Quendy Bermudez Valverde. |
| 310 | |a Semestral | ||
| 650 | 4 | |a MIGRACIONES | |
| 650 | 4 | |a MIGRACIONES EN MEXICO | |
| 650 | 4 | |a ASIATICOS EN MEXICO | |
| 650 | 4 | |a MEXICO | |
| 650 | 4 | |a EMIGRACION E INMIGRACION | |
| 773 | 0 | |d San José, Costa Rica : Editorial de la Universidad de Costa Rica |t Herencia |g volumen 11/12, número 2/1/2 (1999-2000), páginas 81-107 | |
| 942 | |c ARC | ||
| 999 | |c 14768 |d 14768 | ||
